European Countries - Sudden Death - Statistics

General Stats
  • This quiz has been taken 178 times
  • The average score is 11 of 14
Answers on the Grid
Answers color-coded by a green-red scale on the quiz's grid according to % correct below.
Moldova
Malta
Cyprus
Djibouti
Taiwan
Greece
Lithuania
Spain
Kosovo
Poland
Guinea
Argentina
Norway
Iran
Belarus
Tajikistan
Belgium
Romania
Rwanda
South Korea
North Macedonia
France
Greenland
Iceland
 
Answer Stats
Answer % Correct
Malta
85%
Moldova
85%
Norway
80%
Poland
80%
Belgium
78%
France
78%
Greece
77%
Romania
74%
Spain
74%
Kosovo
72%
Lithuania
71%
North Macedonia
70%
Iceland
66%
Belarus
64%
No matching quizzes found
Score Distribution
Percent of People with Each Score
Percentile by Number Answered
Your Score History
You have not taken this quiz